| 000 | 00597 a2200193 4500 | ||
|---|---|---|---|
| 999 |
_c183087 _d183087 |
||
| 005 | 20211216112027.0 | ||
| 010 | _aENG-130357 | ||
| 020 |
_c350.00 _a978-93-88424-67-7 |
||
| 035 | _aEN-113889 | ||
| 037 | _bDBAD / PUB | ||
| 082 | _aN | ||
| 100 | _aRastogi, Chinmay | ||
| 245 |
_aThe other Side Chronicles The impending War: _cChinmay Rastogi |
||
| 250 | _a2019 | ||
| 260 |
_bVishwakarma Publications _c2019 _aPune |
||
| 270 |
_bPune _a34A/1, Suyog Center, 7th Floor, Gultekadi Marketyard Road, Giridhar Bhavan Chowk _e411037 |
||
| 300 |
_a272p. _c21cm (pbk) |
||
| 942 |
_adpl _cEN _2ddc _hN _mRAS |
||